Effectif Racing Club de Strasbourg (2025-2026) - Statistiques

Statistiques générales
  • Ce quiz a été pris 41 fois
    36 depuis la dernière actualisation
  • Le résultat moyen est 23 sur 34
Statistiques - réponses
Numéro Poste Nationalité Nom % Correct
9 BU Argentine Joaquin Panichelli
97%
20 AG Côte d'Ivoire Martial Godo
97%
39 G Belgique Mike Penders
97%
11 AG Suède Sebastian Nanasi
97%
32 MDC Argentine Valentin Barco
97%
10 BU Pays-Bas Emmanuel Emegha
94%
22 DD Côte d'Ivoire Guela Doué
94%
29 MDC Maroc Samir El Mourabet
94%
2 DC Irlande Andrew Omobamidele
91%
3 DG Angleterre Ben Chilwell
91%
7 AD Belgique Diego Moreira
91%
- Coach Angletere Gary O'Neil
91%
19 MOC Paraguay Julio Enciso
91%
15 BU Côte d'Ivoire David Datro Fofana
88%
80 AD Maroc Gessime Yassine
88%
6 DC France Ismaël Doukouré
88%
8 MDC Pologne Maxi Oyedele
88%
1 G Suède Karl-Johan Johnsson
81%
24 DC Danemark Lucas Hogsberg
78%
27 MOC Angleterre Samuel Amo-Ameyaw
75%
42 MOC Côte d'Ivoire Abdoul Ouattara
72%
83 MDC Portugal Rafael Luis
72%
5 DC Argentine Aaron Anselmino
63%
18 DC France Junior Mwanga
50%
50 G Serbie Stefan Bajic
50%
17 MDC France Mathis Amougou
47%
33 DC Guinée Amadou Cissé
22%
60 G France Gabriel Kerckaert
22%
46 MDC France Max Marechal
16%
43 DG France Yoann Becker
16%
38 BU France Jean Bosey
13%
37 AD France Ghianny Kodia
9%
35 DC France Sacha Lung
9%
28 MOC France Tyrese Noubissie
9%
Aucun quiz correspondant
Distribution des résultats
% des personnes avec chaque résultat
Percentile par nombre de réponses
Votre historique - résultats
Vous n’avez pas pris ce quiz depuis la dernière actualisation